<?xml version="1.0" encoding="UTF-8"?>
<record
    xmlns:xsi="http://www.w3.org/2001/XMLSchema-instance"
    xsi:schemaLocation="http://www.loc.gov/MARC21/slim http://www.loc.gov/standards/marcxml/schema/MARC21slim.xsd"
    xmlns="http://www.loc.gov/MARC21/slim">

  <leader>02384cab a2200301Ia 45 0</leader>
  <controlfield tag="001">u188020</controlfield>
  <controlfield tag="003">SIRSI</controlfield>
  <controlfield tag="008">101219s2006    ua     ss b         eng d</controlfield>
  <datafield tag="040" ind1=" " ind2=" ">
    <subfield code="a">EAL</subfield>
  </datafield>
  <datafield tag="041" ind1=" " ind2=" ">
    <subfield code="a">eng</subfield>
    <subfield code="b">ara</subfield>
  </datafield>
  <datafield tag="090" ind1=" " ind2=" ">
    <subfield code="a">ART AUJAS V14 No2 2</subfield>
  </datafield>
  <datafield tag="100" ind1="1" ind2=" ">
    <subfield code="a">Elbatawi, I. E.</subfield>
  </datafield>
  <datafield tag="240" ind1="1" ind2="0">
    <subfield code="a">Arab universities journal of agricultural sciences, 2006 v. 14 (2)</subfield>
    <subfield code="h">[electronic resource].</subfield>
  </datafield>
  <datafield tag="245" ind1="1" ind2="2">
    <subfield code="a">A new technique for grape inspection and sorting classification</subfield>
    <subfield code="h">[electronic resource].</subfield>
  </datafield>
  <datafield tag="246" ind1="1" ind2="5">
    <subfield code="a">&#x623;&#x633;&#x62A;&#x62E;&#x62F;&#x627;&#x645; &#x627;&#x644;&#x62A;&#x642;&#x646;&#x64A;&#x629; &#x627;&#x644;&#x62D;&#x62F;&#x64A;&#x62B;&#x629; &#x641;&#x64A; &#x641;&#x62D;&#x635; &#x648;&#x641;&#x631;&#x632; &#x627;&#x644;&#x639;&#x646;&#x628;.</subfield>
  </datafield>
  <datafield tag="300" ind1=" " ind2=" ">
    <subfield code="a">p.555-573</subfield>
  </datafield>
  <datafield tag="504" ind1=" " ind2=" ">
    <subfield code="a">Includes references.</subfield>
  </datafield>
  <datafield tag="520" ind1=" " ind2=" ">
    <subfield code="a">Sorting and classification of fruits are the main problem specially for Superior and King Ruby varieties which represent more than 50% of grape production in Egypt. A usual procedure to carry out this task is based on human visual inspection considering general fruit attributes like color, size, shape, fmnness and sugar content of grape cluster. Color contains important information about fruit status and in some cases it is decisive for fruit quality differences. This paper provides a new technique to investigate the applicability of color classification, sugar content and fll11lness of grape. Standard RGB color chart, artificial neural network and a potential of nearinfrared (NIR) reflectance as a means for nondestructive measurements of grape firmness and sugar content were used. NIR spectral data were collected from the two varieties of grape in the spectral region between 800 nm and 1700 nm. Statistical models were developed using the partial least square method to predict the finnness and sugar content ofgrape. The models gave relatively good predictions ofthe firmness of both Superior and King Ruby, with corresponding r values of 0.80 and 0.65. The NIR models gave excellent prediction for grape sugar content with values of 0.71 % and 0.65 % Brix for Superior and King Ruby, respectively.</subfield>
  </datafield>
  <datafield tag="546" ind1=" " ind2=" ">
    <subfield code="a">Summary in Arabic.</subfield>
  </datafield>
  <datafield tag="650" ind1=" " ind2="0">
    <subfield code="a">Grapes</subfield>
    <subfield code="x">Breeding.</subfield>
  </datafield>
  <datafield tag="650" ind1=" " ind2="0">
    <subfield code="a">Grapes</subfield>
    <subfield code="x">Varieties.</subfield>
  </datafield>
  <datafield tag="650" ind1=" " ind2="0">
    <subfield code="a">Grapes</subfield>
    <subfield code="x">Postharvest technology.</subfield>
  </datafield>
  <datafield tag="650" ind1=" " ind2="0">
    <subfield code="a">Grapes</subfield>
    <subfield code="x">Grading.</subfield>
  </datafield>
  <datafield tag="700" ind1="1" ind2=" ">
    <subfield code="a">Ebaid, M. T.</subfield>
  </datafield>
  <datafield tag="773" ind1="0" ind2=" ">
    <subfield code="t">Arab universities journal of agricultural sciences. </subfield>
    <subfield code="g">2006.v.14(2)</subfield>
    <subfield code="x">1110-2675</subfield>
    <subfield code="7">nnas</subfield>
    <subfield code="w">u118374</subfield>
  </datafield>
  <datafield tag="856" ind1="4" ind2="0">
    <subfield code="u">http://nile.enal.sci.eg/EALE/2006/AUJAS/1406/2/555.pdf</subfield>
    <subfield code="z">Full Text Article.</subfield>
  </datafield>
  <datafield tag="596" ind1=" " ind2=" ">
    <subfield code="a">1</subfield>
  </datafield>
  <datafield tag="942" ind1=" " ind2=" ">
    <subfield code="c">AR</subfield>
    <subfield code="2">lcc</subfield>
  </datafield>
  <datafield tag="999" ind1=" " ind2=" ">
    <subfield code="c">42937</subfield>
    <subfield code="d">42937</subfield>
  </datafield>
</record>
